01009nam a22002657a 4500952013000000999001700130003000800147005001700155008004100172020001500213040002800228041000800256082002100264100002000285245015200305246004200457260004500499300002100544504003300565650003700598650004300635740004200678942001300720999001000733 a0001b0001d2021-10-26l0o956.1 Y37i 2003p020073r2021-10-26 00:00:00tc.2w2021-10-26xEmin Değer Bağışıdır.yBKS c14576d14576MIRAKIL20211026140341.0211026b tu ||||| |||| 00| 0 tur d a9758410393 aTR-AnCHPbturcTR-AnCHP atur a956.1bY37i 2003 aYetkin, Çetin aİktidara karşı Türk direniş ve devrimleri başlangıçtan Atatürk'e:bXVII. yüzyıldan ulusal kurtulaşa II. Kitap/cÇetin Yetkin aXVII. yüzyıldan ulusal kurtulaşa aİstanbul:bOtopsi Yayınları,c2003. ac. <3> :b19 sm. aDizin ve Kaynakça vardır. aHalk eylemlerixTarihzTürkiye aAtatürk devrimlerixTarihzTürkiye aXVII. yüzyıldan ulusal kurtulaşa 2ddccBKS d14576